000 00542nam a22001817a 4500
999 _c5602
_d5602
003 TZ-ArACH
005 20200710151643.0
008 200710b xxu||||| |||| 00| 0 eng d
022 _a1569-1853
040 _cTZ-ArACH
050 _aK6250 .J94
_b2010
245 _aLaw & practice of international courts and tribunals :
_ba practioners journal (Volume 9, No. 1 2010)
260 _aLeiden;
_bMartinus Nijhoff;
_c2010
300 _a241 p.
_c24 cm
504 _aills.
650 _aInternational Courts & tribunals
_vJournal
942 _2lcc
_cPER